[Event "Bangkok Big Rook op"]
[Site "Bangkok"]
[Date "2023.05.06"]
[Round "4"]
[White "Lozano, Arvie"]
[Black "Habla, Jony"]
[Result "0-1"]
[WhiteElo "2019"]
[BlackElo "2257"]
[PlyCount "70"]
[EventDate "2023.05.04"]
[EventType "swiss"]
[EventRounds "7"]
[EventCountry "THA"]
[SourceTitle "CBM 214 Extra"]
[Source "ChessBase"]
[SourceDate "2023.07.31"]
[SourceVersion "1"]
[SourceVersionDate "2023.07.31"]
[SourceQuality "1"]

1. Nf3 c5 2. g3 Nc6 3. Bg2 e5 4. e4 Nf6 5. d3 d5 6. Qe2 d4 7. 0-0 Bd6 8. Na3 h6 9. Nc4 Bc7 10. a4 Be6 11. Nh4 g6 12. h3 Qd7 13. Kh2 0-0-0 14. Na3 Rde8 15. Nb5 Bb8 16. Bd2 g5 17. Nf5 Bxf5 18. exf5 Ne7 19. b4 a6 20. Na3 cxb4 21. Bxb4 Ned5 22. c3 Bc7 23. Nc4 h5 24. Rab1 h4 25. Ba5 e4 26. Bxc7 Qxc7 27. cxd4 hxg3+ 28. fxg3 Nc3 29. Qc2 Ng4+ 30. Kg1 Qxg3 31. hxg4 exd3 32. Nd6+ Kd7 33. Rxb7+ Kxd6 34. Rb6+ Kd7 35. Rb7+ Kd8 0-1

[Event "THA-chT op"]
[Site "Bangkok"]
[Date "2020.12.11"]
[Round "4.4"]
[White "Lozano, Arvie"]
[Black "Nilkhumhaeng, Nilwadee"]
[Result "1-0"]
[WhiteElo "1936"]
[BlackElo "1268"]
[PlyCount "65"]
[EventDate "2020.12.10"]
[EventType "team-swiss"]
[EventRounds "9"]
[EventCountry "THA"]
[SourceTitle "CBM 199 Extra"]
[Source "ChessBase"]
[SourceDate "2021.01.31"]
[SourceVersion "1"]
[SourceVersionDate "2021.01.31"]
[SourceQuality "1"]
[WhiteTeam "Red Knight CC"]
[BlackTeam "Pattaya Karken"]
[WhiteTeamCountry "THA"]
[BlackTeamCountry "THA"]

1. e4 Nc6 2. Nf3 Nf6 3. e5 Nd5 4. d4 e6 5. c4 Nb6 6. Nc3 d6 7. exd6 cxd6 8. d5 Nb4 9. a3 exd5 10. axb4 dxc4 11. Be2 Be6 12. 0-0 d5 13. Bf4 Bxb4 14. Nb5 0-0 15. Qc2 Qf6 16. Be5 Qe7 17. Nc7 Rac8 18. Nxe6 Qxe6 19. Rxa7 Rfe8 20. Rxb7 Bc5 21. Ng5 Qg6 22. Qxg6 hxg6 23. Nxf7 Rxe5 24. Nxe5 Re8 25. Nxc4 dxc4 26. Bf3 Na4 27. Bd5+ Kh7 28. Bxc4 Bd4 29. Bb5 Ra8 30. Bxa4 Rxa4 31. h3 Ra2 32. Rb1 Kh6 33. Rb4 1-0

[Event "THA-chT op"]
[Site "Bangkok"]
[Date "2020.12.10"]
[Round "2.4"]
[White "Lozano, Arvie"]
[Black "Kaewwattha, Natrada"]
[Result "1-0"]
[WhiteElo "1936"]
[BlackElo "1104"]
[PlyCount "113"]
[EventDate "2020.12.10"]
[EventType "team-swiss"]
[EventRounds "9"]
[EventCountry "THA"]
[SourceTitle "CBM 199 Extra"]
[Source "ChessBase"]
[SourceDate "2021.01.31"]
[SourceVersion "1"]
[SourceVersionDate "2021.01.31"]
[SourceQuality "1"]
[WhiteTeam "Red Knight CC"]
[BlackTeam "Double Bishop"]
[WhiteTeamCountry "THA"]
[BlackTeamCountry "THA"]

1. Nf3 d5 2. g3 Nf6 3. Bg2 Bf5 4. d3 e6 5. 0-0 Be7 6. c3 c6 7. h3 h6 8. Nbd2 0-0 9. Re1 a5 10. Qb3 Qc8 11. e4 Bh7 12. Qd1 Na6 13. e5 Nd7 14. Nb3 Qc7 15. h4 Nac5 16. Nxc5 Nxc5 17. Bf1 Na6 18. Bf4 c5 19. Qd2 c4 20. d4 b5 21. h5 b4 22. Nh2 bxc3 23. bxc3 Rfb8 24. Ng4 Qd8 25. Qe2 Nc7 26. Qf3 Nb5 27. a4 Na3 28. Nf6+ Bxf6 29. Rxa3 Be7 30. Raa1 Qd7 31. g4 Rb3 32. Bxc4 Ra3 33. Rxa3 Bxa3 34. Bb5 Qe7 35. Qg3 Kh8 36. Kh2 Rc8 37. g5 hxg5 38. Bxg5 Qc7 39. c4 Bb4 40. Rc1 dxc4 41. Rxc4 Qb8 42. Rxc8+ Qxc8 43. h6 g6 44. Qf3 Qf8 45. Qb7 Bc3 46. Qd7 Bg8 47. Kg3 Bb4 48. Bc6 Bc3 49. Be4 Bh7 50. Bf6+ Kg8 51. Be7 Qb8 52. Bd6 Bb4 53. Bxb8 g5 54. Qe8+ Bf8 55. Bd6 Bxe4 56. Qxf8+ Kh7 57. Qg7# 1-0

[Event "Titled Tuesday intern op 23rd June"]
[Site "Chess.com INT"]
[Date "2020.06.23"]
[Round "7"]
[White "Lozano, Arvie"]
[Black "Fajdetic, Hrvoje"]
[Result "1-0"]
[WhiteElo "1959"]
[BlackElo "2151"]
[PlyCount "71"]
[EventDate "2020.06.23"]
[EventType "swiss (blitz)"]
[EventRounds "10"]
[EventCountry "USA"]
[SourceTitle "CBM 197 Extra"]
[Source "ChessBase"]
[SourceDate "2020.09.30"]
[SourceVersion "1"]
[SourceVersionDate "2020.09.30"]
[SourceQuality "1"]

1. Nf3 f5 2. g3 Nf6 3. Bg2 d6 4. d3 e5 5. c3 Be7 6. Nbd2 0-0 7. Ng5 h6 8. Qb3+ d5 9. Ngf3 c5 10. e4 fxe4 11. dxe4 Nc6 12. exd5 Na5 13. Qa4 Bd7 14. Qc2 e4 15. Nxe4 Nxe4 16. Qxe4 Re8 17. 0-0 Bf6 18. Qg6 Bb5 19. Rd1 Be2 20. Re1 Qxd5 21. Bxh6 Qf7 22. Qxf7+ Kxf7 23. Be3 Bc4 24. Bxc5 Rxe1+ 25. Rxe1 Bxa2 26. Ra1 Nb3 27. Rxa2 Nxc5 28. h4 a6 29. Nd4 Rd8 30. b4 Bxd4 31. cxd4 Nd3 32. Bxb7 Rxd4 33. Rd2 Rd7 34. Bc8 Ne5 35. Rxd7+ Nxd7 36. Bxd7 1-0

[Event "Titled Tuesday intern op 23rd June"]
[Site "Chess.com INT"]
[Date "2020.06.23"]
[Round "4"]
[White "Lozano, Arvie"]
[Black "Palchuk, Andrii"]
[Result "0-1"]
[WhiteElo "1959"]
[BlackElo "2183"]
[PlyCount "140"]
[EventDate "2020.06.23"]
[EventType "swiss (blitz)"]
[EventRounds "10"]
[EventCountry "USA"]
[SourceTitle "CBM 197 Extra"]
[Source "ChessBase"]
[SourceDate "2020.09.30"]
[SourceVersion "1"]
[SourceVersionDate "2020.09.30"]
[SourceQuality "1"]

1. Nf3 c6 2. g3 d5 3. Bg2 Nf6 4. 0-0 Bg4 5. d3 Nbd7 6. h3 Bh5 7. Nbd2 e5 8. e4 Bd6 9. g4 Bg6 10. Nh4 0-0 11. Nf5 Nc5 12. Qe2 Ne6 13. Nf3 Re8 14. N3h4 Bc5 15. c3 a5 16. a3 a4 17. Kh1 Qc7 18. Bd2 Rad8 19. Rad1 b5 20. Bc1 dxe4 21. dxe4 Bf8 22. Be3 Nd7 23. Ng3 f6 24. Nh5 Bf7 25. Qf3 Nb6 26. Nf5 Nc4 27. Bc1 Rxd1 28. Rxd1 Rd8 29. Re1 Qd7 30. Bh6 Bxh5 31. gxh5 gxh6 32. Qg3+ Kh8 33. Rg1 Bc5 34. Bf3 Ng5 35. Nxh6 Bf8 36. Nf5 Qf7 37. h4 Nxf3 38. Qxf3 Nd2 39. Qg4 Nc4 40. h6 Nd6 41. Ne3 Bxh6 42. Nf5 Nxf5 43. Qxf5 Bg7 44. h5 Qd7 45. Qf3 h6 46. Kh2 Qe7 47. Rg6 Qf7 48. Qg4 Qf8 49. Qf5 Re8 50. Qd7 Re7 51. Qxc6 f5 52. exf5 Qxf5 53. Qa8+ Kh7 54. Qg2 Qxh5+ 55. Kg1 Qxg6 56. Qxg6+ Kxg6 57. f3 Kf5 58. Kf2 h5 59. Ke3 h4 60. f4 e4 61. c4 bxc4 62. b3 cxb3 63. Kf2 h3 64. Kg1 b2 65. Kh2 b1Q 66. Kxh3 Qh1+ 67. Kg3 Qf3+ 68. Kh2 Rc7 69. Kg1 Rc1+ 70. Kh2 Rh1# 0-1

[Event "Bangkok Chinese New Year op"]
[Site "Bangkok"]
[Date "2020.01.25"]
[Round "5"]
[White "Lozano, Arvie"]
[Black "Burbach, Brunel Baron"]
[Result "1-0"]
[WhiteElo "1886"]
[BlackElo "1461"]
[PlyCount "67"]
[EventDate "2020.01.25"]
[EventType "swiss (rapid)"]
[EventRounds "9"]
[EventCountry "THA"]
[SourceTitle "CBM 194 Extra"]
[Source "ChessBase"]
[SourceDate "2020.03.31"]
[SourceVersion "1"]
[SourceVersionDate "2020.03.31"]
[SourceQuality "1"]

1. Nf3 d5 2. g3 Nf6 3. Bg2 b5 4. d4 Bb7 5. 0-0 e6 6. a4 b4 7. Ne5 Bd6 8. c4 Nbd7 9. Nxd7 Qxd7 10. c5 Be7 11. a5 0-0 12. Bd2 Qb5 13. Re1 Ba6 14. Ra4 b3 15. Rb4 Qc6 16. Qxb3 Ne4 17. Qc2 Nxd2 18. Nxd2 Bf6 19. e4 Qd7 20. Qb3 Rad8 21. e5 Be7 22. Bf1 Bxf1 23. Kxf1 f6 24. Nf3 Qe8 25. Rb7 Rb8 26. a6 Rxb7 27. axb7 c6 28. Qa4 Qd7 29. Qxa7 Qc7 30. b8Q Qxb8 31. Qxe7 Re8 32. Qd6 Qb5+ 33. Kg2 f5 34. Qd7 1-0

[Event "THA-chT"]
[Site "Bangkok"]
[Date "2019.12.19"]
[Round "8.4"]
[White "Lozano, Arvie"]
[Black "Cuizon, Richily Evans"]
[Result "1-0"]
[WhiteElo "2003"]
[BlackElo "1260"]
[PlyCount "121"]
[EventDate "2019.12.16"]
[EventType "team-swiss"]
[EventRounds "9"]
[EventCountry "THA"]
[SourceTitle "CBM 194 Extra"]
[Source "ChessBase"]
[SourceDate "2020.03.31"]
[SourceVersion "1"]
[SourceVersionDate "2020.03.31"]
[SourceQuality "1"]
[WhiteTeam "Double Bishop"]
[BlackTeam "Red Knight CC"]
[WhiteTeamCountry "THA"]
[BlackTeamCountry "THA"]

1. Nf3 c5 2. g3 g6 3. Bg2 Bg7 4. 0-0 Nf6 5. d3 0-0 6. e4 d6 7. Nbd2 Nbd7 8. Nh4 e6 9. Nc4 Nb6 10. Ne3 Qc7 11. f4 Bd7 12. Rb1 Rac8 13. c3 Bc6 14. Qc2 Rfe8 15. b3 Re7 16. Qe2 Rce8 17. Bd2 Nfd7 18. g4 f6 19. f5 exf5 20. Nhxf5 gxf5 21. Nxf5 Rf7 22. Bh6 Nc8 23. Bxg7 Rxg7 24. Nxg7 Kxg7 25. g5 fxg5 26. Qh5 Ne5 27. Qxg5+ Ng6 28. Rf3 Qe7 29. Qd2 Rf8 30. Rxf8 Qxf8 31. Rf1 Qe8 32. Qf2 Qf8 33. Qg3 Qe7 34. Bh3 Nb6 35. Bf5 Nd7 36. Rf2 Qe5 37. Qxe5+ Ndxe5 38. d4 Nd3 39. Rf3 Ndf4 40. d5 Bb5 41. c4 Be8 42. e5 Nh5 43. exd6 Nf6 44. Re3 Bd7 45. Be6 Nf8 46. a3 Kg6 47. b4 b6 48. Re5 Be8 49. Bf5+ Kh6 50. Kg2 Ng6 51. Bxg6 Bxg6 52. Re7 Bf5 53. Rxa7 Be4+ 54. Kf2 Bd3 55. d7 Nxd7 56. Rxd7 Bxc4 57. bxc5 bxc5 58. d6 Be6 59. Re7 Bf5 60. d7 Bxd7 61. Rxd7 1-0

[Event "THA-chT"]
[Site "Bangkok"]
[Date "2019.12.19"]
[Round "7.4"]
[White "Taweesupmun, Chanida"]
[Black "Lozano, Arvie"]
[Result "0-1"]
[WhiteElo "1645"]
[BlackElo "2003"]
[PlyCount "108"]
[EventDate "2019.12.16"]
[EventType "team-swiss"]
[EventRounds "9"]
[EventCountry "THA"]
[SourceTitle "CBM 194 Extra"]
[Source "ChessBase"]
[SourceDate "2020.03.31"]
[SourceVersion "1"]
[SourceVersionDate "2020.03.31"]
[SourceQuality "1"]
[WhiteTeam "East Bangapi"]
[BlackTeam "Double Bishop"]
[WhiteTeamCountry "THA"]
[BlackTeamCountry "THA"]

1. d4 Nf6 2. c4 e6 3. Nf3 d5 4. Nc3 Bb4 5. Qb3 c5 6. a3 Ba5 7. Bd2 cxd4 8. Nxd4 0-0 9. cxd5 exd5 10. g3 Nc6 11. Nxc6 bxc6 12. Bg2 Ba6 13. 0-0 d4 14. Ne4 Bxd2 15. Nxd2 Bxe2 16. Rfe1 Rb8 17. Qc2 d3 18. Qc3 c5 19. b4 cxb4 20. axb4 Qb6 21. Bf3 Rfe8 22. Bxe2 dxe2 23. Qf3 Qd4 24. Ra2 Qd5 25. Rc2 Qb5 26. Nc4 Qxb4 27. Rexe2 Rxe2 28. Qxe2 h6 29. Rb2 Qf8 30. Ra2 Rb1+ 31. Kg2 Qa8+ 32. f3 Qb7 33. Qd3 a6 34. Qd8+ Kh7 35. Qd3+ g6 36. Rxa6 Qxa6 37. Qxb1 Qxc4 38. Qb2 Nd5 39. Qe5 Qc2+ 40. Kh3 Qc8+ 41. g4 Qe6 42. Qg3 Qe3 43. Kg2 Nf4+ 44. Kf1 Qe2+ 45. Kg1 g5 46. h4 Kg7 47. hxg5 hxg5 48. Kh1 Nd3 49. Qg2 Qxg2+ 50. Kxg2 Kf6 51. Kf1 Ke5 52. Ke2 Nb4 53. Ke3 Nd5+ 54. Kd3 Kf4 0-1

[Event "THA Amatuer-ch"]
[Site "Thailand"]
[Date "2019.02.20"]
[Round "7"]
[White "Wongsawan, Thoetsak"]
[Black "Lozano, Arvie"]
[Result "0-1"]
[WhiteElo "1830"]
[BlackElo "1982"]
[PlyCount "74"]
[EventDate "2019.02.16"]
[EventType "swiss"]
[EventRounds "7"]
[EventCountry "THA"]
[SourceTitle "CBM 189 Extra"]
[Source "ChessBase"]
[SourceDate "2019.06.03"]
[SourceVersion "1"]
[SourceVersionDate "2019.06.03"]
[SourceQuality "1"]

1. e4 e6 2. d4 d5 3. Nc3 Nf6 4. e5 Nfd7 5. f4 c5 6. Nf3 Nc6 7. Be3 cxd4 8. Nxd4 Bb4 9. Qd2 Nc5 10. Bd3 Qa5 11. 0-0 Nxd3 12. cxd3 Nxd4 13. Bxd4 Bd7 14. f5 exf5 15. Qg5 Bc5 16. Bxc5 Qxc5+ 17. Kh1 0-0 18. Rf4 h6 19. Qg3 d4 20. Ne2 Qxe5 21. Qf2 Rae8 22. Nxd4 g5 23. Rxf5 Bxf5 24. Nxf5 Re6 25. h3 Qe2 26. Qd4 Qe5 27. Qg4 Kh7 28. Rf1 Qe2 29. Rf3 Qxb2 30. Qh5 Re1+ 31. Kh2 Qe5+ 32. Ng3 f5 33. d4 Qxd4 34. Nxf5 Qe5+ 35. Ng3 Rf4 36. Rd3 Qc7 37. a3 Rff1 0-1

[Event "THA Amatuer-ch"]
[Site "Thailand"]
[Date "2019.02.19"]
[Round "5"]
[White "Prasitsoonthorn, Teerachoti"]
[Black "Lozano, Arvie"]
[Result "0-1"]
[WhiteElo "1851"]
[BlackElo "1982"]
[PlyCount "134"]
[EventDate "2019.02.16"]
[EventType "swiss"]
[EventRounds "7"]
[EventCountry "THA"]
[SourceTitle "CBM 189 Extra"]
[Source "ChessBase"]
[SourceDate "2019.06.03"]
[SourceVersion "1"]
[SourceVersionDate "2019.06.03"]
[SourceQuality "1"]

1. d4 Nf6 2. Nc3 d5 3. Bf4 c6 4. e3 Qb6 5. Bd3 Qxb2 6. Nge2 e6 7. 0-0 Qb6 8. e4 dxe4 9. Nxe4 Nxe4 10. Bxe4 Nd7 11. c4 Nf6 12. Ng3 Be7 13. Rb1 Qa6 14. Qe2 Bd7 15. Rfc1 b6 16. Bf3 Rc8 17. Ne4 Nxe4 18. Bxe4 Bf6 19. Be5 Bxe5 20. dxe5 c5 21. Qg4 g6 22. Qf3 Qa4 23. Qf6 Rg8 24. Rd1 Bc6 25. Bxc6+ Qxc6 26. Rd6 Qc7 27. Rb3 Qe7 28. Rbd3 Qxf6 29. exf6 g5 30. Rd7 Rg6 31. Re7+ Kf8 32. Rc7 Re8 33. Rf3 Ra8 34. g4 h6 35. Kf1 Kg8 36. Ke2 a6 37. Rc6 Rb8 38. Ke3 Rb7 39. Ke4 Kh7 40. Ke5 Rg8 41. Rd3 Kg6 42. a4 h5 43. gxh5+ Kxh5 44. Rb3 Rgb8 45. Rh3+ Kg6 46. Rg3 Rh8 47. f4 Rh5 48. Rc8 g4+ 49. Kd6 Kxf6 50. Kc6 Re7 51. Kxb6 Rd7 52. Rxg4 Rd6+ 53. Rc6 Rd8 54. Kxa6 Ra8+ 55. Kb5 Rxh2 56. Rxc5 Rb2+ 57. Kc6 Rxa4 58. f5 Ra6+ 59. Kc7 Ra7+ 60. Kc6 e5 61. Rh4 Kg5 62. Rh7 Ra6+ 63. Kd5 f6 64. Ke4 Re2+ 65. Kf3 Rd2 66. Rb5 Ra3+ 67. Ke4 Rd4# 0-1

[Event "THA Amatuer-ch"]
[Site "Thailand"]
[Date "2019.02.16"]
[Round "2"]
[White "Chuersakul, Sarocha"]
[Black "Lozano, Arvie"]
[Result "0-1"]
[WhiteElo "1692"]
[BlackElo "1982"]
[PlyCount "98"]
[EventDate "2019.02.16"]
[EventType "swiss"]
[EventRounds "7"]
[EventCountry "THA"]
[SourceTitle "CBM 189 Extra"]
[Source "ChessBase"]
[SourceDate "2019.06.03"]
[SourceVersion "1"]
[SourceVersionDate "2019.06.03"]
[SourceQuality "1"]

1. d4 d5 2. c4 e6 3. Nf3 Nf6 4. g3 Bb4+ 5. Bd2 c5 6. cxd5 exd5 7. Bg2 Nc6 8. 0-0 Bf5 9. Bf4 c4 10. a3 Ba5 11. Ne5 0-0 12. Nc3 Bxc3 13. bxc3 Na5 14. f3 h6 15. Re1 Nb3 16. Ra2 Qa5 17. e4 Be6 18. Bd2 Rac8 19. Qe2 Rfe8 20. Qf2 b5 21. Rf1 Qb6 22. Be3 Qb7 23. Qc2 a5 24. Bc1 Rcd8 25. Rd1 Qb6 26. Be3 Bc8 27. Qb1 Bb7 28. Re2 Qd6 29. a4 b4 30. Nxf7 Kxf7 31. e5 Qe6 32. exf6 Qxf6 33. Qc2 Bc6 34. Rde1 Bxa4 35. Qa2 Bc6 36. cxb4 Nxd4 37. Rd2 Nb3 38. Rc2 axb4 39. Qa7+ Rd7 40. Qb6 Rb7 41. Qa6 Rbe7 42. Qb6 d4 43. Qxb4 Bd5 44. Bf2 Rxe1+ 45. Bxe1 d3 46. Ra2 d2 47. Bxd2 Qd4+ 48. Kh1 Re2 49. Bc3 Qd1+ 0-1

[Event "THA Amatuer-ch"]
[Site "Thailand"]
[Date "2019.02.16"]
[Round "1"]
[White "Lozano, Arvie"]
[Black "Chulasereekul, Kwanchanok"]
[Result "1-0"]
[WhiteElo "1982"]
[BlackElo "1277"]
[PlyCount "91"]
[EventDate "2019.02.16"]
[EventType "swiss"]
[EventRounds "7"]
[EventCountry "THA"]
[SourceTitle "CBM 189 Extra"]
[Source "ChessBase"]
[SourceDate "2019.06.03"]
[SourceVersion "1"]
[SourceVersionDate "2019.06.03"]
[SourceQuality "1"]

1. Nf3 d5 2. g3 e6 3. Bg2 Nf6 4. 0-0 Be7 5. d3 0-0 6. Nbd2 b6 7. e4 dxe4 8. dxe4 Bb7 9. e5 Nd5 10. Re1 c5 11. h4 h6 12. c3 Nd7 13. Qc2 Nc7 14. Ne4 Bxe4 15. Qxe4 f5 16. Qc4 b5 17. Qe2 Rb8 18. Be3 Nd5 19. Rad1 Nxe3 20. Qxe3 a6 21. Re2 Qc7 22. Red2 Rfd8 23. b3 Nb6 24. Ne1 Rxd2 25. Rxd2 Rd8 26. Rxd8+ Qxd8 27. Nd3 Nd5 28. Bxd5 Qxd5 29. Nf4 Qd7 30. Qf3 Qc8 31. Qh5 b4 32. c4 Qd7 33. Qg6 Qd1+ 34. Kg2 Bxh4 35. Qxe6+ Kh7 36. Qxf5+ Kg8 37. gxh4 Qd8 38. Qe6+ Kh7 39. Qg6+ Kg8 40. Nh5 Qe7 41. Qxg7+ Qxg7+ 42. Nxg7 Kxg7 43. f4 Kf7 44. Kf3 h5 45. f5 a5 46. Ke4 1-0

[Event "PHI-ch (W) Battle of WGM"]
[Site "Manila"]
[Date "2016.09.09"]
[Round "5"]
[White "Lozano, Arvie"]
[Black "Suede, Mikee Charlene"]
[Result "1/2-1/2"]
[WhiteElo "1931"]
[BlackElo "2096"]
[PlyCount "62"]
[EventDate "2016.09.06"]
[EventType "tourn"]
[EventRounds "11"]
[EventCountry "PHI"]
[SourceTitle "EXT 2019"]
[Source "ChessBase"]
[SourceDate "2018.10.10"]
[SourceVersion "1"]
[SourceVersionDate "2018.10.10"]
[SourceQuality "1"]

1. Nf3 d5 2. g3 g6 3. Bg2 Bg7 4. 0-0 Nf6 5. d3 0-0 6. Nbd2 Nc6 7. e4 dxe4 8. Nxe4 Nxe4 9. dxe4 Qxd1 10. Rxd1 e5 11. Be3 Be6 12. c3 Rad8 13. a3 a6 14. h3 Rxd1+ 15. Rxd1 Rd8 16. Rxd8+ Nxd8 17. Nd2 Nc6 18. Bc5 Bf8 19. Bb4 Bxb4 20. axb4 Kf8 21. Bf1 Ke7 22. f3 f6 23. Bc4 Bxc4 24. Nxc4 b5 25. Na5 Nxa5 26. bxa5 c5 27. b4 c4 28. Kf2 h5 29. f4 g5 30. f5 g4 31. hxg4 hxg4 1/2-1/2

[Event "PHI-ch (W) Battle of WGM"]
[Site "Manila"]
[Date "2016.09.06"]
[Round "1"]
[White "Lozano, Arvie"]
[Black "Mendoza, Beverly"]
[Result "1-0"]
[WhiteElo "1931"]
[BlackElo "1991"]
[PlyCount "71"]
[EventDate "2016.09.06"]
[EventType "tourn"]
[EventRounds "11"]
[EventCountry "PHI"]
[SourceTitle "EXT 2019"]
[Source "ChessBase"]
[SourceDate "2018.10.10"]
[SourceVersion "1"]
[SourceVersionDate "2018.10.10"]
[SourceQuality "1"]

1. Nf3 d5 2. g3 Nf6 3. Bg2 c5 4. 0-0 Nc6 5. d4 cxd4 6. Nxd4 e5 7. Nxc6 bxc6 8. c4 Rb8 9. Nc3 d4 10. Ne4 Nxe4 11. Bxe4 Qc7 12. f4 Bd6 13. Qd3 h6 14. b3 0-0 15. f5 f6 16. g4 Rf7 17. h4 Bb7 18. g5 hxg5 19. hxg5 fxg5 20. Bxg5 c5 21. f6 Bxe4 22. Qxe4 Rbf8 23. Qg6 e4 24. Rf2 Bg3 25. Rg2 e3 26. Rf1 Bf2+ 27. Kh1 Qd7 28. Rd1 a5 29. Kh2 Qc7+ 30. Kh3 Qd7+ 31. Rg4 Qe6 32. Rh1 d3 33. Qxd3 gxf6 34. Bxf6+ Rg7 35. Bxg7 Rf4 36. Qd8+ 1-0

[Event "PHI-ch (Women)"]
[Site "Manila"]
[Date "2016.06.22"]
[Round "4"]
[White "Doroy, Allaney Jia G"]
[Black "Lozano, Arvie"]
[Result "1/2-1/2"]
[WhiteElo "1824"]
[BlackElo "1868"]
[PlyCount "120"]
[EventDate "2016.06.20"]
[EventType "tourn"]
[EventRounds "13"]
[EventCountry "PHI"]
[SourceTitle "CBM 173 Extra"]
[Source "ChessBase"]
[SourceDate "2016.08.29"]
[SourceVersion "1"]
[SourceVersionDate "2016.08.29"]
[SourceQuality "1"]

1. c4 Nf6 2. g3 d5 3. Bg2 e6 4. Nf3 Be7 5. 0-0 0-0 6. d4 Nbd7 7. cxd5 exd5 8. Nc3 c6 9. Bf4 Re8 10. Rc1 Nf8 11. a3 Ng6 12. Bd2 Ne4 13. e3 Bd6 14. Na4 Qf6 15. Bc3 h5 16. Nc5 Ng5 17. Nxg5 Qxg5 18. e4 Bxc5 19. dxc5 dxe4 20. Qd4 f6 21. Bxe4 Bh3 22. Bg2 Bxg2 23. Kxg2 h4 24. Rfe1 Qf5 25. Qc4+ Kh7 26. h3 Rad8 27. Rxe8 Rxe8 28. Re1 hxg3 29. fxg3 Qc2+ 30. Kf1 Rxe1+ 31. Kxe1 Qg2 32. Qg4 Qg1+ 33. Kd2 Qxc5 34. h4 Qd5+ 35. Kc1 Ne7 36. Qe2 Nf5 37. Qh5+ Nh6 38. Qe2 Nf7 39. Qc2+ Kg8 40. Qg6 Kf8 41. Qg4 Qh1+ 42. Kc2 Qg2+ 43. Kc1 Qh1+ 44. Kc2 Qg2+ 45. Kc1 Qg1+ 46. Kc2 Qf2+ 47. Kc1 Qe3+ 48. Kc2 Qe8 49. Qb4+ Qe7 50. Qg4 Qc7 51. Qf3 Qd7 52. Qf4 Qc8 53. h5 Qd8 54. Qb4+ Qe7 55. Qg4 Qe8 56. Qb4+ Qe7 57. Qg4 Qe8 58. Qb4+ Qe7 59. Qg4 Qe8 60. Qb4+ Qe7 1/2-1/2

[Event "PHI-ch (Women)"]
[Site "Manila"]
[Date "2016.06.20"]
[Round "1"]
[White "Revita, Samantha Glo"]
[Black "Lozano, Arvie"]
[Result "1-0"]
[WhiteElo "1827"]
[BlackElo "1868"]
[PlyCount "125"]
[EventDate "2016.06.20"]
[EventType "tourn"]
[EventRounds "13"]
[EventCountry "PHI"]
[SourceTitle "CBM 173 Extra"]
[Source "ChessBase"]
[SourceDate "2016.08.29"]
[SourceVersion "1"]
[SourceVersionDate "2016.08.29"]
[SourceQuality "1"]

1. d4 e6 2. c4 d5 3. cxd5 exd5 4. Nc3 Nf6 5. Bg5 Be7 6. Qc2 h6 7. Bh4 Nc6 8. e3 0-0 9. a3 Nh5 10. Bxe7 Nxe7 11. Bd3 c6 12. Nf3 f5 13. Ne5 Qd6 14. Ne2 Nf6 15. b4 a5 16. Qc5 Qc7 17. 0-0 Ng4 18. Nf3 b6 19. Qc2 Qd6 20. b5 c5 21. dxc5 bxc5 22. Rfd1 Qb6 23. Nc3 f4 24. h3 Nf6 25. Na4 Qe6 26. Nxc5 Qf7 27. exf4 Nh5 28. f5 Nf4 29. Nd4 Kh8 30. Rab1 Nxd3 31. Qxd3 Nxf5 32. b6 Nd6 33. Qg3 Ne4 34. Nxe4 dxe4 35. Nb5 Bf5 36. Nd6 Qe6 37. Nxf5 Qxf5 38. b7 Rab8 39. Rdc1 Kh7 40. Rc7 Rg8 41. Rd1 Rbe8 42. Rdd7 Qf6 43. Rd6 Qa1+ 44. Kh2 Kh8 45. Qg6 Qe5+ 46. g3 Rgf8 47. Rf7 e3 48. Re6 Rxf7 49. Rxe5 Rxf2+ 50. Kg1 Ref8 51. h4 e2 52. b8Q Rf1+ 53. Kg2 R1f2+ 54. Kh3 Rxb8 55. Re8+ Rxe8 56. Qxe8+ Kh7 57. Qe3 Rf5 58. Qxe2 h5 59. g4 hxg4+ 60. Kxg4 g6 61. Qe6 Rh5 62. Qf7+ Kh6 63. Qg8 1-0

[Event "PHI-ch (Women)"]
[Site "Manila"]
[Date "2015.10.26"]
[Round "3"]
[White "Lozano, Arvie"]
[Black "Bernales, Christy Lamiel"]
[Result "1/2-1/2"]
[WhiteElo "1844"]
[BlackElo "2055"]
[PlyCount "66"]
[EventDate "2015.10.24"]
[EventType "tourn"]
[EventRounds "9"]
[EventCountry "PHI"]
[SourceTitle "CBM 169 Extra"]
[Source "ChessBase"]
[SourceDate "2015.12.18"]
[SourceVersion "1"]
[SourceVersionDate "2015.12.18"]
[SourceQuality "1"]

1. e4 e6 2. d3 d5 3. Nd2 Nf6 4. Ngf3 dxe4 5. dxe4 Nc6 6. g3 Be7 7. Bg2 0-0 8. 0-0 e5 9. c3 Bg4 10. Qc2 Qd7 11. Nc4 Bxf3 12. Bxf3 Rad8 13. Bg5 h6 14. Bxf6 Bxf6 15. Rad1 Qe6 16. b3 Rxd1 17. Rxd1 Rd8 18. Rxd8+ Nxd8 19. Qd3 Nc6 20. Ne3 Ne7 21. Nd5 Nxd5 22. Qxd5 Qxd5 23. exd5 Kf8 24. Kf1 Ke7 25. Ke2 Kd6 26. c4 b6 27. Kd3 a5 28. Be4 Bg5 29. g4 f6 30. f3 Kc5 31. Kc3 Be3 32. a3 Bd4+ 33. Kd3 Bb2 1/2-1/2

[Event "PHI-ch (Women)"]
[Site "Manila"]
[Date "2015.10.26"]
[Round "4"]
[White "San Diego, Marie Antoinette"]
[Black "Lozano, Arvie"]
[Result "1/2-1/2"]
[WhiteElo "2065"]
[BlackElo "1844"]
[PlyCount "84"]
[EventDate "2015.10.24"]
[EventType "tourn"]
[EventRounds "9"]
[EventCountry "PHI"]
[SourceTitle "CBM 169 Extra"]
[Source "ChessBase"]
[SourceDate "2015.12.18"]
[SourceVersion "1"]
[SourceVersionDate "2015.12.18"]
[SourceQuality "1"]

1. d4 e6 2. Nf3 d5 3. Bf4 Nf6 4. e3 Be7 5. h3 c5 6. c3 Nc6 7. Nbd2 0-0 8. Bd3 cxd4 9. exd4 Bd6 10. Bxd6 Qxd6 11. 0-0 e5 12. dxe5 Nxe5 13. Nxe5 Qxe5 14. Nf3 Qf4 15. Re1 Be6 16. Qc1 Qxc1 17. Raxc1 Rfe8 18. Nd4 a6 19. Rcd1 Bd7 20. Bc2 Rxe1+ 21. Rxe1 Re8 22. Rxe8+ Nxe8 23. Bb3 Nc7 24. Kf1 Kf8 25. Ke2 Ke7 26. Ke3 f6 27. Bc2 g6 28. h4 Ne8 29. h5 f5 30. hxg6 hxg6 31. Nf3 Ng7 32. Ne5 Be8 33. Bb3 Kd6 34. Nd3 g5 35. f4 g4 36. Ne5 b6 37. Bc2 a5 38. Nd3 Nh5 39. Ne5 Ng7 40. Nd3 Nh5 41. Ne5 Ng7 42. Nd3 Nh5 1/2-1/2

[Event "PHI-ch (Women)"]
[Site "Manila"]
[Date "2014.06.26"]
[Round "9"]
[White "Lozano, Arvie"]
[Black "Docena, Jedara"]
[Result "0-1"]
[WhiteElo "2037"]
[BlackElo "2020"]
[PlyCount "64"]
[EventDate "2014.06.21"]
[EventType "tourn"]
[EventRounds "11"]
[EventCountry "PHI"]
[SourceTitle "CBM 161 Extra"]
[Source "ChessBase"]
[SourceDate "2014.08.29"]
[SourceVersion "1"]
[SourceVersionDate "2014.08.29"]
[SourceQuality "1"]

1. Nf3 Nc6 2. g3 e5 3. d3 d5 4. Bg2 f6 5. 0-0 Be6 6. c3 Qd7 7. Ne1 g5 8. d4 0-0-0 9. Be3 h5 10. b4 exd4 11. Bxd4 h4 12. a4 Bd6 13. Na3 Qh7 14. Nf3 Bg4 15. Nb5 Bxf3 16. Nxd6+ Rxd6 17. exf3 hxg3 18. fxg3 Qxh2+ 19. Kf2 Rh3 20. g4 Qg3+ 21. Kg1 Re6 22. Re1 Rh2 23. Re2 Nge7 24. Qf1 Nxd4 25. cxd4 Rxe2 26. Qxe2 Qd6 27. Re1 Rh7 28. b5 Kd8 29. Qc2 Rg7 30. Re3 Ng6 31. Kf2 Nf4 32. Qf5 Qb6 0-1